000 00406nam a2200133Ia 4500
008 100328s9999 xx 000 0 und d
082 _b65584
100 _aपोंक्षे राजीव.
245 _aहॅलो पोलीस.
260 _bदुर्गापरश्वेरी.
630 _aहॅलो पोलीस.
730 _aहॅलो पोलीस.
942 _cBOOK
999 _c551329
_d551326